[Event "RUS-chT Blitz Men 2018"]
[Site "Sochi"]
[Date "2018.10.10"]
[Round "15"]
[White "Jary, Sergey"]
[Black "Alekseev, Evgeny"]
[Result "1/2-1/2"]
[WhiteElo "2286"]
[BlackElo "2620"]
[Annotator "TA"]
[PlyCount "240"]
[EventDate "2018.10.10"]
[EventType "swiss"]
[EventCountry "RUS"]
[SourceTitle "playchess.com"]
[Source "ChessBase"]
[SourceQuality "1"]

{[%evp 19,240,0,13,0,0,0,0,-80,7,9,22,-30,106,97,114,101,156,83,89,80,83,94,426,61,70,53,46,37,73,20,23,26,32,29,28,34,36,53,131,47,240,228,285,70,390,282,293,270,255,37,37,0,6,0,41,0,14,0,14,22,41,0,0,0,20,0,12,-138,0,0,31,18,37,0,0,0,0,-55,0,-104,-102,-119,-119,-115,-120,-123,-123,-123,-123,-123,-112,-504,-135,-206,-135,-160,-135,-135,-135,-178,-135,-154,-144,-135,-97,-97,-97,-178,-97,-97,0,-178,-97,-166,-90,-97,-90,-97,-97,-178,-159,-152,-97,-97,-90,-97,0,0,0,-263,-263,-498,-498,-491,-491,-484,-97,-90,0,-477,-97,-112,-97,-250,-97,-97,-97,-97,-97,-97,-97,-97,-97,-97,-97,-97,0,-90,0,-97,-90,-97,-90,-90,0,-97,0,-97,-90,-97,-97,-97,-97,-263,-63,-64,-54,-250,-74,-89,-89,-263,-83,-97,-90,-83,-83,-97,-97,-97,0,-97,0,-97,0,-90,0,0,0,-26,0,-89,0,-85,0,-43,0,0,0,0,0,0,0,0,0,0,0,-263,-250,-263,-242,-29987,-29988]} 1. d4 Nf6 2. Nf3 e6 3. g3 c5 4. Bg2 cxd4 5. O-O a6 6. Nxd4 Qc7 7. b3 d5 {A46: Damenbauernspiele} 8. Bb2 e5 9. Nf3 Nc6 10. Nbd2 Bc5 {LiveBook: 4 Partien} (10... Be7 11. e3 O-O 12. c4 Rd8 13. cxd5 Nxd5 14. Rc1 f6 15. a3 {0-1 (52) Stupak,K (2520)-Khismatullin,D (2638) St Petersburg 2012}) 11. e3 O-O 12. c4 d4 13. Nxe5 $146 (13. exd4 $11 exd4 14. Re1) ({Vorgänger:} 13. exd4 exd4 14. a3 a5 15. b4 axb4 16. axb4 Rxa1 17. Bxa1 Bxb4 18. Nxd4 {0-1 (60) Biegel,T (2066)-Gawehns,K (2385) Bad Homburg 2012}) 13... dxe3 ({Nicht} 13... Nxe5 14. exd4 Nd3 15. dxc5 $16) (13... Qxe5 $17 14. Bxc6 bxc6 15. exd4 Bxd4) 14. Nxc6 $1 $11 Bg4 (14... bxc6 $6 15. Bxf6 gxf6 16. Ne4 $16) 15. Qc2 (15. Bf3 $142 Bxf3 16. Qxf3 exd2 17. Bxf6 gxf6 18. Nd4 $1 {[%mdl 512]}) 15... bxc6 (15... exf2+ $6 16. Kh1 $14) (15... exd2 $11 16. Ne5 d1=Q 17. Raxd1 Bxd1 18. Qxd1 Rad8) 16. fxe3 $16 Bxe3+ 17. Kh1 Bg5 (17... Nh5 $142) 18. Ne4 (18. Qc3 $142 $1 Ne8 19. Nf3) 18... Nxe4 19. Qxe4 Bd7 20. Qd4 {[%csl Gb2][%cal Rd4g7]} Bh6 $2 {[%mdl 8192] [#]} (20... f6 $16) 21. Rad1 $2 ({Weiss kommt nicht vorbei an} 21. Rf6 $1 $18 {[%mdl 512]}) 21... Rad8 $14 22. Qe5 Qc8 $1 23. Qc5 Rfe8 24. Rde1 (24. Qh5 $16 Be6 25. Rde1) 24... Bh3 $11 25. Rxe8+ Rxe8 26. Qxc6 Qxc6 27. Bxc6 Re2 28. Rd1 {Weiss will mit Td8+ Matt setzen.} f6 (28... g6 $14 29. Bc3 Rc2) 29. Ba3 (29. Bc3 $16) 29... Bd2 $2 (29... Kf7 $1 $14) 30. Bf3 $18 Rf2 31. Be4 $2 (31. Bd5+ $18 Kh8 32. Bc5) 31... f5 $2 {[%mdl 8192]} (31... Be3 $14) 32. Bc5 fxe4 33. Bxf2 e3 34. Bxe3 $2 (34. Be1 $18) 34... Bxe3 $14 {[%mdl 4096] Endspiel} 35. Re1 Bd4 36. Rd1 Be3 37. Re1 Bf2 38. Re2 Bc5 39. Re5 Bd4 40. Re4 Bc5 41. Re5 Bf2 42. Re2 Bb6 {Schwarz will ...Lg4 spielen.} 43. Re4 (43. Re7 $11) 43... Kf7 (43... Bd7 $1 $17 {[%cal Rd7c6]} 44. Kg2 Bc6) 44. b4 Bc8 45. Rf4+ Ke6 46. c5 (46. Kg2 {keeps more tension.} Bd7 47. Kf3 Bg1 48. Rh4 Bc6+ 49. Ke2) 46... Bc7 47. Rh4 h6 48. Kg1 (48. Rc4 $11) 48... Bb7 (48... Kd5 $15) 49. a4 (49. Rd4 $11) 49... Bc6 $17 {[%mdl 1024] Schwarz hat starke Kompensation.} 50. b5 axb5 51. axb5 Bxb5 52. Rg4 Be5 53. Rb4 Bc6 54. Kf2 Kd5 55. Rg4 $2 {[%mdl 8192]} (55. Ke3 $17 {ist eine bessere Chance.}) 55... Kxc5 $2 (55... Bd4+ $1 $19 56. Kf3 Ke5+ 57. Ke2 g5) 56. h4 (56. Ke3 $17 {kämpft weiter.}) 56... Kd5 57. Rb4 Ke6 58. g4 Bd6 59. Rb2 Bd5 60. Ke3 Ke5 {Droht stark ...Lc5+.} 61. Rb5 Be7 62. h5 Bg5+ 63. Kf2 (63. Ke2 $17) 63... Bh4+ (63... Ke4 $19 64. Rb4+ Kd3) 64. Ke3 Bg5+ (64... Be7 $17 65. Ra5 Bg5+ 66. Kf2 Bh4+ 67. Ke2 Bf6) 65. Kf2 $1 $19 Kd4 (65... Bd2 $1 $19 66. Ke2 Bg5) 66. Rb4+ (66. Kg3 $17) 66... Kc5 (66... Kd3 $1 $19 67. Kg3 Ke3) 67. Ra4 Kd6 68. Ra6+ Ke5 69. Ra5 (69. Kg3 $17 {war einen Versuch wert.}) 69... Bd8 $1 {[%cal Rd8b6] ( -> ...Lb6+)} 70. Rb5 Bc7 (70... Ke4 $142 71. Rb4+ Kd3) 71. Ke2 $17 Bd6 72. Ra5 Ke4 (72... Be7 $17 73. Kf2 Bd8) 73. Ra4+ $11 Ke5 74. Ke3 $2 {[%mdl 8192]} (74. Ra5 $11 {und Weiss muss sich keine Sorgen machen.}) 74... Bc5+ $19 75. Ke2 $2 (75. Kd3 {war die einzige Chance.}) 75... Bd4 76. Kd3 Be4+ 77. Ke2 Bc3 $2 (77... Bc6 $19 78. Ra3 Ke4) 78. Rc4 $17 Bd4 $2 {[%mdl 8192]} (78... Bb2 $17 79. Ke3 Bd5) 79. Ra4 $19 Bb6 $2 (79... Bc6 $19 80. Ra3 Kf4) 80. Rb4 Bd8 81. Rb8 $2 (81. Rb5+ $17 Kd6 82. Rb8) 81... Bf6 $2 (81... Be7 $1 $19 {und Schwarz behält klar die Oberhand.} 82. Re8 Kd6) 82. Ke3 Bg5+ 83. Kf2 Kf4 {zielt auf ...Lh4+ ab.} 84. Rb4 Be7 85. Rc4 Bh4+ 86. Ke2 Bf6 87. Kf2 Bg5 ({Besser ist} 87... Be7 $17 88. Ke2 Bf6) 88. Ra4 (88. Rb4 $1 $11) 88... Be7 89. Rc4 $1 Bd6 90. Ke2 Be5 ({Viel schlechter ist} 90... Kxg4 $6 91. Rxe4+ Kxh5 92. Re6 $11) 91. Kf2 Bd6 92. Ke2 $1 Be7 ({Doch nicht} 92... Kxg4 $6 93. Ke3 $11) 93. Kf2 Ke5 94. Ke3 Bd5 95. Ra4 Bg5+ 96. Ke2 $2 (96. Kf2 $17) 96... Bf4 $2 (96... Bc6 $1 $19 {[%cal Rc6a4]} 97. Rb4 Be7) 97. Kf2 $15 Bd2 98. Ke2 $2 (98. Kg3 $15) 98... Bc3 $2 (98... Bc6 $1 $19 {[%cal Rc6a4] ist viel giftiger.} 99. Ra7 Bg5) 99. Kd3 Be1 100. Ke2 $2 (100. Ke3 $17) 100... Bh4 $2 (100... Bc6 $1 $19 {[%cal Rc6a4] bietet bessere Gewinnchancen.} 101. Ra7 Bh4) 101. Ke3 Be6 102. Ra5+ Kf6 $1 103. Kf4 Bg5+ 104. Kf3 Bd2 (104... g6 $17 {Und weiter mit ...gxh5 wäre nett.} 105. Ra6 Ke7 106. Ra7+ Kf8 107. Ra8+ Ke7 108. Ra7+ Ke8 109. Ra8+ Bd8) 105. Rb5 (105. Ra6 $11) 105... Bc3 (105... g5 $17 106. hxg6 Bc4) 106. Kf4 (106. Rb6 $11) 106... Bd4 (106... g6 $17 107. hxg6 Bd2+ 108. Kg3 Be1+ 109. Kf4 Bc4) 107. Kf3 (107. Ke4 $11 {hält das Gleichgewicht.}) 107... Be5 ({Günstiger ist} 107... g5 $1 $17 {Droht ...Ld7 und aus.} 108. Ke4 Bg1) 108. Ke4 $11 Bd6 109. Kf3 Bd7 110. Ra5 {[#]} (110. Rb6 $11 Ke5 111. Kg3) 110... Bc6+ ({Lieber} 110... g5 $1 $17 111. hxg6 Bc8) 111. Ke2 {[#]} (111. Kf2 $11 {bleibt in der Remisbreite.} Bb7 112. Rf5+) 111... Ke6 (111... g5 $1 $17 112. hxg6 Kg7) 112. Kf2 Bd5 {...Lb4 ist eine echte Drohung.} 113. Ke3 Ke5 114. Rb5 Ba3 115. Ra5 Bc1+ 116. Ke2 Kd4 {Weiss muss nun ...Lg5 beachten.} 117. Ra7 Bg5 {Und ...Lf6 würde nun gewinnen.} 118. Rxg7 $2 {[%mdl 8192]} (118. Ra1 $11 {und Weiss ist OK.}) 118... Ke4 119. Rd7 {und die Idee Kf2 ließe Weiss weiter hoffen.} Be6 120. Re7 $2 (120. Rg7 $19) 120... Bxe7 {[%mdl 32768] Precision: Weiß = 26%, Schwarz = 33%. . An unexpected result.} 1/2-1/2

[Event "RUS-chT Blitz Men 2018"]
[Site "Sochi"]
[Date "2018.10.10"]
[Round "15"]
[White "Kozak, Alexander"]
[Black "Iljiushenok, Ilia"]
[Result "0-1"]
[WhiteElo "2262"]
[BlackElo "2539"]
[Annotator "TA"]
[PlyCount "67"]
[EventDate "2018.10.10"]
[EventType "swiss"]
[EventCountry "RUS"]
[SourceTitle "playchess.com"]
[Source "ChessBase"]
[SourceQuality "1"]

{[%evp 9,67,24,31,5,25,6,0,3,0,0,5,-13,11,2,22,0,0,0,0,-26,-38,-62,-64,-56,-61,-59,-62,-78,-72,-87,-92,-84,-62,-61,-45,-53,-58,-74,-47,-42,-40,-37,-45,-142,-142,-139,-135,-143,-3,-71,0,0,-8,-84,-26,-22,-23,-16,-14,-36]} 1. e4 e5 2. Nf3 Nc6 3. Bb5 Nf6 4. d3 Bc5 5. Bxc6 dxc6 6. h3 {C65: Ruy Lopez: Berlin Defence (3...Nf6), unusual lines and 4 0-0 Bc5} (6. O-O {seems wilder.} Bd6 7. h3 Be6 8. a4 h6 9. Nbd2) (6. Nbd2 Be6 7. O-O Bd6 8. b3 O-O 9. Nc4 Bxc4 10. bxc4 Nd7 11. g3 b5 12. cxb5 cxb5 13. a4 a6 {½-½ (38) Giri,A (2782)-Aronian,L (2767) chess.com INT 2018}) 6... Qe7 (6... O-O {with more complications.} 7. Nbd2 a5 8. Nc4 Re8 9. O-O Nd7) 7. Qe2 Nd7 8. Nbd2 f6 $146 ({Predecessor:} 8... Nf8 9. Nb3 Bd6 10. d4 f6 11. dxe5 fxe5 12. Be3 Ng6 13. O-O-O a5 {1-0 (30) Oparin,G (2609)-Granda Zuniga,J (2662) Linares 2017}) 9. Nc4 O-O 10. Be3 Bd6 11. O-O c5 12. a4 Nb8 13. Nfd2 Nc6 14. c3 Be6 15. f4 exf4 16. Bxf4 Bxf4 17. Rxf4 Rad8 18. Raf1 b6 19. R1f3 a6 20. Rg3 Rd7 21. Re3 b5 22. axb5 axb5 23. Na3 Rb8 24. Rf1 Bf7 {[%cal Be6f7,Bf7h5,Bh5f3][%mdl 32]} 25. Nf3 Bh5 26. Qf2 {[#]} (26. Nc2 $15) 26... Bxf3 $1 $17 27. Qxf3 Ne5 28. Qg3 b4 ({Black should try} 28... Qd8 $17 {[%cal Rd7d3]} 29. Nc2 Rxd3 30. Rxd3 Qxd3) 29. Nc2 (29. Nc4 $1 $11) 29... bxc3 (29... b3 $17 30. Ne1 Rbd8) 30. bxc3 $11 Rb2 31. Ne1 (31. Rf2 $11 {remains equal.}) 31... Rd8 (31... Qe6 $17) 32. Nf3 Rxd3 33. Nxe5 Rxe3 34. Qxe3 {Precision: White = 48%, Black = 51%.} 0-1

[Event "RUS-chT Blitz Men 2018"]
[Site "Sochi"]
[Date "2018.10.10"]
[Round "15"]
[White "Borisova, Ekaterina"]
[Black "Malakhov, Vladimir"]
[Result "0-1"]
[WhiteElo "2256"]
[BlackElo "2661"]
[Annotator "TA"]
[PlyCount "98"]
[EventDate "2018.10.10"]
[EventType "swiss"]
[EventCountry "RUS"]
[SourceTitle "playchess.com"]
[Source "ChessBase"]
[SourceQuality "1"]

{[%evp 17,98,32,44,49,57,0,4,0,0,0,0,-10,0,0,13,14,27,12,21,16,19,12,21,15,9,-11,0,0,0,-18,-25,-19,0,0,6,-55,-67,-93,-49,-87,-67,-85,-85,-67,-83,-134,-137,-131,-134,-148,-160,-157,-105,-110,-79,-274,-266,-408,-382,-427,-448,-381,-414,-395,-327,-558,-549,-616,-623,-686,-462,-579,-546,-6179,-1267,-2703,-2562,-6187,-962,-926,-869,-29984,-29985]} 1. d4 g6 2. g3 Bg7 3. Bg2 d5 4. Nf3 e6 5. O-O Ne7 6. c4 O-O 7. Nbd2 Nbc6 8. e3 b6 {A13: English Opening: 1...e6} (8... a5 9. b3 e5 10. Nxe5 Nxe5 11. dxe5 Bxe5 12. Rb1 Bf5 13. e4 dxe4 14. Nxe4 Nc6 15. Bh6 Bg7 16. Bxg7 Kxg7 {0-1 (81) Makoto,R (2405)-Kasimdzhanov,R (2696) Baku 2016}) 9. b3 a5 {LiveBook: 9 Games} 10. a3 Ba6 {White is slightly better.} 11. Bb2 (11. Qc2 $14) 11... a4 $1 $11 12. Re1 axb3 13. cxd5 exd5 14. Nxb3 $146 ({Predecessor:} 14. Qxb3 Na5 15. Qc2 Rc8 {1-0 (45) Yanayt,E (2061)-Vukanovic,S (2348) Dos Hermanas 2003}) 14... Qd6 15. Rc1 Bb5 16. Nbd2 Na5 17. Qc2 Nc4 18. Nxc4 Bxc4 19. Nd2 b5 20. e4 c6 21. Qc3 Ra4 22. e5 Qe6 23. Nb3 Bxb3 24. Qxb3 Nc8 {[%cal Be7c8,Bc8b6,Bb6c4][%mdl 32]} 25. Qc2 Rc4 26. Qb3 (26. Bc3 $11) 26... Nb6 $15 27. Bf1 Rxc1 (27... Ra4 {feels hotter.} 28. Rc3 Nc4 29. Qc2 Rfa8 30. Rf3 f5) 28. Rxc1 Ra8 29. Bc3 Nc4 30. Bb4 Bf8 31. Bxc4 (31. Qc3 $142) 31... dxc4 $17 32. Qc3 Bxb4 33. axb4 {[%mdl 4096] Endgame KQR-KQR} h5 34. h4 Kh7 (34... Qf5 $142 35. Ra1 Rd8) 35. Re1 Qf5 36. Rd1 $2 (36. Kg2 $17 {was worth a try.}) 36... Ra2 $19 37. Qe3 (37. Rf1 $142) 37... Rb2 38. Qe1 Qf3 39. Rc1 Re2 40. Qf1 Rd2 {[#] aiming for ...c3.} 41. e6 $2 (41. Qg2 {was the only chance.} Rd1+ 42. Rxd1 Qxd1+ 43. Qf1 Qxd4 44. Qe2) 41... fxe6 42. Re1 Rxd4 43. Qh3 Qf5 44. Qg2 Qd5 45. Qh3 Rd1 (45... c3 $142 46. Kf1 c2) 46. Rxd1 Qxd1+ 47. Kh2 Qd5 (47... Qe2 $142 48. g4 Qxf2+ 49. Kh1 Qe1+ 50. Kg2 Qe2+ 51. Kg1 Qxg4+ 52. Qxg4 hxg4) 48. Qf1 c3 {[#] Hoping for ...Qd2.} 49. Qc1 Qd2 {Precision: White = 35%, Black = 50%.} 0-1

[Event "RUS-chT Blitz Men 2018"]
[Site "Sochi"]
[Date "2018.10.10"]
[Round "15"]
[White "Kostin, Alexey"]
[Black "Khanin, Semen"]
[Result "1/2-1/2"]
[WhiteElo "2253"]
[BlackElo "2510"]
[Annotator "TA"]
[PlyCount "58"]
[EventDate "2018.10.10"]
[EventType "swiss"]
[EventCountry "RUS"]
[SourceTitle "playchess.com"]
[Source "ChessBase"]
[SourceQuality "1"]

{[%evp 29,58,27,13,0,0,0,12,0,0,0,0,-22,-22,-12,-14,-17,-12,-43,-31,-33,-28,-84,-70,-84,-89,-94,-1,0,12,18,9]} 1. e4 e5 2. Nf3 Nc6 3. Bc4 Bc5 4. c3 {[%cal Bc2c3,Bc3d4][%mdl 32]} Nf6 5. d4 exd4 6. cxd4 Bb4+ 7. Bd2 Bxd2+ 8. Nbxd2 d5 9. exd5 Nxd5 10. Qb3 Na5 11. Qa4+ Nc6 12. Qb3 Nce7 13. O-O O-O 14. Rfe1 c6 15. Ne4 h6 {LiveBook: 19 Games. C54: Giuoco Piano: 4 c3 Nf6, main lines with 5 d4 and 5 d3} (15... Nb6 16. Bd3 Ned5 17. Nc5 Nf6 18. Rac1 Rb8 19. Qa3 a6 20. Qb3 Qc7 21. Ne4 Nfd5 22. Nc3 Qd6 23. Be4 {½-½ (36) Jones,G (2640)-Karjakin,S (2753) Wijk aan Zee 2018}) 16. h3 Nb6 17. Bf1 $146 ({Predecessor:} 17. Bd3 Nf5 18. Bc2 Be6 19. Qd3 Bc4 20. Qd2 Nd6 21. Nc5 Bd5 22. Qf4 Nbc8 23. Rac1 {½-½ (41) Glaser,K (2184)-Bartsch,A (2256) ICCF email 2000}) 17... Be6 18. Qc2 Bf5 19. Bd3 Ned5 {[%cal Be7d5,Bd5b4,Bb4d3][%mdl 32]} 20. Nc5 Nb4 21. Qb3 Nxd3 22. Nxd3 Qd5 {[#] Threatens to win with ...Qxb3.} 23. Qxd5 (23. Qa3 {feels hotter.} Bxd3 24. Qxd3 Rfe8 25. Qa3 Qb5 26. Re5) 23... Nxd5 24. Nc5 b6 25. Nb3 (25. Ne4 $11) 25... Rad8 26. Ne5 Nb4 27. Rac1 Rd6 (27... Nxa2 $17 28. Rxc6 Nb4) 28. a3 $1 $11 {[%cal Ra3b4]} Nc2 29. Re2 Be6 $1 {Precision: White = 34%, Black = 61%.} 1/2-1/2

[Event "RUS-chT Blitz Men 2018"]
[Site "Sochi"]
[Date "2018.10.10"]
[Round "15"]
[White "Ponomarenko, Alexandr"]
[Black "Potapov, Pavel"]
[Result "0-1"]
[WhiteElo "2231"]
[BlackElo "2515"]
[Annotator "TA"]
[PlyCount "86"]
[EventDate "2018.10.10"]
[EventType "swiss"]
[EventCountry "RUS"]
[SourceTitle "playchess.com"]
[Source "ChessBase"]
[SourceQuality "1"]

{[%evp 10,86,15,7,24,36,20,23,41,32,37,11,44,30,29,3,14,6,32,-10,3,0,4,0,0,0,40,-54,36,16,41,0,45,48,67,34,47,41,108,104,136,98,111,33,361,16,233,0,0,0,0,0,0,0,0,0,0,0,0,0,0,0,0,-147,-131,-630,0,0,0,-584,-576,-970,-950,-931,-826,-554,-506,-699,-619]} 1. e4 c5 2. Nf3 {[%cal Bg1f3,Bf3d4,Bd4b5,Bb5c3,Bc3d5][%mdl 32]} Nc6 3. d4 cxd4 4. Nxd4 e5 5. Nb5 d6 6. N5c3 Be7 {B32: Sicilian: Löwenthal and Kalashnikov Variations} 7. Nd5 Nf6 8. Nbc3 (8. Nxf6+ Bxf6 9. Nc3 O-O 10. g3 Bg5 11. Bg2 Bxc1 12. Rxc1 Qb6 13. b3 Qa5 14. Qd2 {0-1 (48) Tomczak,J (2554)-Shirov,A (2691) Trzcianka 2015}) 8... O-O {White has an edge.} 9. Be2 Be6 10. O-O Nd4 (10... Bxd5 $5 11. exd5 Nd4 $11) 11. Nxf6+ $146 ({Predecessor:} 11. Nxe7+ Qxe7 12. Be3 Nxe2+ 13. Qxe2 d5 14. exd5 Nxd5 15. Nxd5 Bxd5 {0-1 (51) Szilassi,A-Ruck,R (1748) Balatonlelle 2009}) 11... Bxf6 12. Be3 Rc8 13. Bd3 g6 14. Ne2 Nc6 15. c4 Bg7 16. Nc3 f5 17. f3 Nb4 18. b3 {[#]} (18. Be2 $14) 18... a6 ({Black should try} 18... d5 $1 $15 {[%mdl 512]} 19. Nxd5 (19. exd5 e4 $15) 19... Bxd5 20. exd5 e4) 19. Qd2 Qe7 20. Nd5 Nxd5 (20... Bxd5 $5 21. Qxb4 fxe4 22. Bxe4 Bxe4 23. fxe4 Rxf1+ 24. Rxf1 Qc7 $14) 21. cxd5 Bd7 22. Rfc1 f4 23. Bf2 g5 (23... Rxc1+ $14 24. Rxc1 Qd8) 24. Qb4 $1 $16 b5 25. a4 g4 26. axb5 (26. fxg4 $16 f3 27. g3 (27. axb5 axb5 28. Rxc8 Bxc8 $14)) 26... gxf3 $2 {[%mdl 8192] [#]} ({Better is} 26... Rxc1+ $14 27. Rxc1 gxf3) 27. gxf3 $2 ({Weaker is} 27. bxa6 Qg5 $14) (27. Rxc8 $1 $18 Bxc8 28. bxa6 fxg2 29. a7 (29. Kxg2 Qg5+ 30. Kf1 Bh3+ 31. Ke2 Qg2 $16)) 27... Qg5+ $2 (27... axb5 $11 28. Qa3 (28. Bxb5 Rxc1+ 29. Rxc1 Rb8 $17) 28... Kh8) 28. Kh1 $2 ({White has to play} 28. Kf1 $18) 28... Qh5 $11 29. Be2 Bxb5 30. Qe1 ({But not} 30. Rxc8 $2 Bxe2 31. Rxf8+ Bxf8 $19) 30... Kh8 31. Qd1 Bf6 32. Bxb5 axb5 33. Qe2 Qh3 34. Bb6 Rg8 35. Rg1 Rxg1+ 36. Rxg1 (36. Bxg1 $11 Rc3 37. Qg2 Qxg2+ 38. Kxg2) 36... Rc3 $17 37. Rf1 $2 {[%mdl 8192] [#]} (37. Rg2 $17) 37... Kg7 $2 (37... Rc2 $1 $19 {[%cal Rc2e2][%mdl 512]} 38. Qxc2 Qxf1+ 39. Bg1 Qxf3+ 40. Qg2 Qxb3) 38. b4 $11 Kf7 {And now ...Rc2! would win.} 39. Qf2 $2 {[%mdl 8192] [#]} (39. Qg2 $11 {and White is okay.} Qh5 40. Ba5) 39... Rc2 $1 $19 {[%cal Rc2f2][%mdl 512] Black is clearly winning.} 40. Qg1 {[#] White hopes to continue with Rf2.} (40. Qxc2 Qxf1+) 40... Rxh2+ $1 {[%mdl 512]} 41. Qxh2 Qxf1+ 42. Qg1 Qxf3+ 43. Kh2 Qxe4 {Precision: White = 43%, Black = 39%.} 0-1

[Event "RUS-chT Blitz Men 2018"]
[Site "Sochi"]
[Date "2018.10.10"]
[Round "15"]
[White "Mamedov, Elmin"]
[Black "Belyakov, Bogdan"]
[Result "0-1"]
[WhiteElo "2210"]
[BlackElo "2458"]
[Annotator "TA"]
[PlyCount "24"]
[EventDate "2018.10.10"]
[EventType "swiss"]
[EventCountry "RUS"]
[SourceTitle "playchess.com"]
[Source "ChessBase"]
[SourceQuality "1"]

{[%evp 20,24,9,13,34,-359,-311]} 1. e4 e5 2. Nf3 Nc6 3. Bb5 Nf6 4. d3 Bc5 5. O-O d6 6. h3 a6 {C65: Ruy Lopez: Berlin Defence (3...Nf6), unusual lines and 4 0-0 Bc5} 7. Ba4 O-O 8. c3 Ba7 9. Nbd2 Ne7 10. Re1 Ng6 11. Nf1 {LiveBook: 58 Games} Nh5 12. Ng3 $146 {[%mdl 8192] [#]} (12. Bg5 $14 {keeps the upper hand.} Nf6 13. Ng3) ({Predecessor:} 12. d4 Nhf4 13. Ng3 h6 {1-0 (36) Onischuk,V (2601)-Vallejo Pons,F (2711) Doha 2016}) 12... Nxg3 0-1

[Event "RUS-chT Blitz Men 2018"]
[Site "Sochi"]
[Date "2018.10.10"]
[Round "15"]
[White "Zhakamukhov, Eduard"]
[Black "Rakhmanov, Aleksandr"]
[Result "0-1"]
[WhiteElo "2068"]
[BlackElo "2634"]
[Annotator "TA"]
[PlyCount "62"]
[EventDate "2018.10.10"]
[EventType "swiss"]
[EventCountry "RUS"]
[SourceTitle "playchess.com"]
[Source "ChessBase"]
[SourceQuality "1"]

{[%evp 9,62,-12,-26,-60,-47,-77,-95,-102,-96,-85,-30,-80,-76,-98,-85,-91,-90,-96,-68,-72,-63,-76,-67,-145,-129,-154,-106,-143,-153,-287,-135,-133,-68,-65,-42,-113,-109,-285,-258,-309,-283,-382,-388,-441,-472,-585,-420,-1545,-1493,-1816,-1827,-1648,-1639,-29994,-29995]} 1. e4 c5 2. Nf3 Nf6 3. e5 Nd5 4. c4 Nc7 5. Nc3 Nc6 6. Nd5 $146 {B29: Sicilian: 2 Nf3 Nf6 (Nimzowitsch Variation)} ({Predecessor:} 6. d3 g6 7. Be3 Ne6 8. h4 Bg7 9. Ng5 Bxe5 10. Nxe6 dxe6 11. Qd2 b6 12. h5 Bb7 {0-1 (26) Kowalski,I (2121)-Kantans,T (2513) Gora Sw Anny 2016}) 6... e6 7. Nxc7+ Qxc7 8. Qe2 {Black is better.} b6 9. b3 Nb4 (9... Bb7 $17) 10. d3 Bb7 {...Bxf3 is the strong threat.} 11. a3 Bxf3 12. gxf3 {[#]} Nc6 $1 ({But not} 12... Nc2+ $6 13. Qxc2 Qxe5+ 14. Kd2 $11) 13. Bb2 d6 {[%cal Rd6e5]} 14. f4 dxe5 15. fxe5 Rd8 16. O-O-O ({White should try} 16. Bg2 $15) 16... g6 17. f4 Bh6 18. Qe3 Nd4 19. b4 (19. Kb1 $17) 19... Nf5 (19... Qc6 $19 {is more deadly.} 20. Rg1 Qa4) 20. Qf2 $17 {[#]} cxb4 (20... b5 $1 $17 {[%mdl 512] Threatens to win with ...cxb4.} 21. bxc5 (21. cxb5 cxb4+) 21... bxc4) 21. axb4 $15 Bf8 {[%cal Bh6f8,Bf8c5,Bc5d4,Bd4b2][%mdl 32]} 22. Bc3 (22. b5 $1 $15) 22... a5 $36 {[%mdl 2048] Black has strong initiative.} 23. bxa5 $2 (23. b5 $17 {is the only way for White.}) 23... bxa5 24. Bh3 Bc5 25. Qf3 {intending Bxf5.} Nd4 26. Bxd4 Bxd4 27. f5 Qb6 {[%csl Gd4][%cal Rb6b2]} 28. Qe2 (28. Kd2 $142 Qb2+ 29. Ke1) 28... Rb8 $19 29. Qc2 Bb2+ 30. Kb1 Qb4 {( -> ...Qa3)} 31. fxe6 Qa3 {Precision: White = 20%, Black = 55%.} 0-1

[Event "RUS-chT Blitz Men 2018"]
[Site "Sochi"]
[Date "2018.10.10"]
[Round "15"]
[White "Garifullina, Leya"]
[Black "Paravyan, David"]
[Result "0-1"]
[WhiteElo "1962"]
[BlackElo "2629"]
[Annotator "TA"]
[PlyCount "94"]
[EventDate "2018.10.10"]
[EventType "swiss"]
[EventCountry "RUS"]
[SourceTitle "playchess.com"]
[Source "ChessBase"]
[SourceQuality "1"]

{[%evp 19,94,33,37,-11,-11,-6,-20,-11,20,-6,139,141,252,240,335,341,352,145,158,81,205,200,359,359,352,347,381,324,327,320,310,309,475,452,470,432,485,470,603,586,601,594,592,585,550,377,370,366,354,162,165,0,0,0,0,-5379,-5318,-5317,-5069,-5310,-5310,-5310,-5300,-5310,-5265,-29980,-29981,-29981,-29982,-29983,-29984,-29984,-29985,-29986,-29987,-29987,-29988]} 1. e4 c5 2. Nf3 d6 3. d4 cxd4 4. Nxd4 Nf6 5. Nc3 a6 6. h3 e5 7. Nde2 h6 {B90: Sicilian Najdorf: Unusual White 6th moves, 6 Be3 Ng4 and 6 Be3 e5} (7... b5 8. Ng3 Nbd7 9. Bg5 h6 10. Be3 Bb7 11. Bd3 h5 12. Bg5 g6 13. O-O Be7 14. a3 h4 15. Nge2 Nc5 16. Bxf6 Bxf6 {1-0 (48) Dominguez Perez,L (2739)-Vachier Lagrave,M (2779) chess.com INT 2018}) 8. g4 b5 9. Bg2 Bb7 10. O-O Nbd7 {LiveBook: 12 Games} 11. a4 b4 12. Nd5 Nxd5 13. exd5 Be7 14. Ng3 Bg5 $146 (14... a5 $11 {remains equal.}) ({Predecessor:} 14... g6 15. a5 Nf6 {1-0 (29) Barbosa,E (2438)-Caetano,H (2199) Montevideo 2015}) 15. Nf5 $1 $16 {[%csl LRd6,LRg7]} Qf6 (15... O-O $16) 16. f4 $18 Bxf4 17. Bxf4 exf4 18. Rxf4 (18. Qe1+ $1 $18 {is the precise move to win.} Ne5 19. Qxb4) 18... O-O 19. Rxb4 (19. Qe1 $142 {Hoping for Ne7+.} Rae8 20. Qxb4) 19... Rab8 {[#]} (19... Bc8 $16 {was called for.}) 20. Qd4 $1 Ne5 $2 (20... g6 {is a better defense.}) 21. Rb6 Rfd8 22. Rf1 Ba8 23. Rxb8 Rxb8 24. Qa7 Qd8 25. b3 {[%cal Bb2b3,Bb3c4][%mdl 32]} ({Resist} 25. Qxa6 $6 Rxb2 26. Qxd6 Qxd6 $18) 25... Qb6+ (25... a5 $142 26. Qa6 Qb6+ 27. Qxb6 Rxb6 28. Ne7+ Kf8) 26. Qxb6 Rxb6 27. a5 Rb5 28. Nxd6 Rxa5 29. Nc4 Nxc4 30. bxc4 {[%mdl 4096] Endgame d6 is the strong threat. KRB-KRB} Kf8 31. Re1 Bb7 32. Rb1 Bc8 33. Rb8 {aiming for d6.} Rc5 34. d6 (34. Kf2 $142) 34... Ke8 {[#]} 35. Bb7 $2 (35. Be4 $1 $18 {[%cal Re4f5]} g6 36. Bd5) 35... Kd7 $11 36. Bxc8+ Rxc8 37. Rxc8 $4 {[%mdl 8192]} (37. Rb7+ $11 Kxd6 38. Ra7 (38. Rxf7 Ra8 $11)) 37... Kxc8 {KP-KP} 38. Kf2 a5 39. Ke2 a4 40. Kd2 g6 {[%cal Bg7g6,Bg6f5][%mdl 32]} 41. Kc3 f5 42. gxf5 gxf5 {Black mates.} 43. c5 Kd7 44. Kc4 Kc6 45. Kd4 a3 46. Ke5 a2 47. Ke6 a1=Q {Precision: White = 47%, Black = 46%.} 0-1